Good Riddance (Time Of Your Life) - Green Day - All Lyrics - Statistics

General Stats
  • This quiz has been taken 264 times
  • The average score is 132 of 152
Answer Stats
Answer % Correct
I
99%
the
99%
you
98%
a
97%
in
97%
of
97%
Time
97%
time
97%
it
95%
life
95%
So
95%
your
95%
It’s
94%
It's
94%
it's
94%
but
93%
end
92%
go
92%
hope
92%
right
92%
had
89%
something
89%
and
87%
For
87%
Another
85%
to
84%
by
83%
stuck
83%
unpredictable,
83%
point,
82%
road
82%
turnin'
82%
where
82%
fork
81%
not
80%
grabs
78%
take
76%
this
76%
why
76%
directs
75%
lesson
74%
make
73%
good
72%
learned
72%
best
71%
don't
71%
on
71%
all
70%
mind
70%
what
70%
worth,
70%
worth
70%
wrist,
70%
ask
69%
photographs
68%
question,
68%
memories,
66%
was
66%
while
66%
still
65%
frames
63%
Hang
59%
shelf
59%
test,
55%
trial
55%
health
53%
Tattoos
52%
skin
43%
dead
42%
No matching quizzes found
Score Distribution
Percent of People with Each Score
Percentile by Number Answered
Your Score History
You have not taken this quiz